000 00459nam a2200181Ia 4500
001 340
005 20260306140510.0
008 260306t2010||||xx |||||||||||||| ||spa||
041 _aESP
082 _a101
_bN581
100 _aNubiola, Jaime
_eAUT
245 0 _aEl taller de la filosofía :
_buna introducción a la escritura filosófica
260 _c2010
300 _a243 páginas :
_c22 cm.
650 _aGEN
654 _aCHU
942 _cLIB
_dJUS
_fJUS
_2ddc
_n
999 _c340
_d340